Legal ethics and legal education
| 1. VerfasserIn: | |
|---|---|
| Medienart: | Druck Buch |
| Sprache: | Englisch |
| Veröffentlicht: |
Hastings-on-Hudson/N.Y.
Hastings Center
1980
|
| In: |
Teaching of ethics (2)
Jahr: 1980 |
| Bestand in Tübingen: | In Tübingen vorhanden. UB: KB 4 E 68 |
| Verfügbarkeit prüfen: | HBZ Gateway |
| Subito Bestelldienst: | Jetzt bestellen. |
MARC
| LEADER | 00000cam a22000002c 4500 | ||
|---|---|---|---|
| 001 | 1090249624 | ||
| 003 | DE-627 | ||
| 005 | 20251224220322.0 | ||
| 007 | tu | ||
| 008 | 900423s1980 xx ||||| 00| ||eng c | ||
| 020 | |a 0916558061 |9 0-916558-06-1 | ||
| 035 | |a (DE-627)1090249624 | ||
| 035 | |a (DE-576)020249624 | ||
| 035 | |a (DE-599)BSZ020249624 | ||
| 035 | |a (OCoLC)6016599 | ||
| 035 | |a (OCoLC)311194628 | ||
| 040 | |a DE-627 |b ger |c DE-627 |e rakwb | ||
| 041 | |a eng | ||
| 082 | 0 | |a 174/.3/071173 |q OCLC | |
| 100 | 1 | |a Kelly, Michael J. |d 1938- |0 (DE-588)174103425 |0 (DE-627)698997220 |0 (DE-576)134936698 |4 aut | |
| 109 | |a Kelly, Michael J. 1938- |a Kelly, M. J. 1938- | ||
| 245 | 1 | 0 | |a Legal ethics and legal education |c Michael J. Kelly |
| 264 | 1 | |a Hastings-on-Hudson/N.Y. |b Hastings Center |c 1980 | |
| 300 | |a VI, 69 S. | ||
| 336 | |a Text |b txt |2 rdacontent | ||
| 337 | |a ohne Hilfsmittel zu benutzen |b n |2 rdamedia | ||
| 338 | |a Band |b nc |2 rdacarrier | ||
| 490 | 1 | |a The teaching of ethics |v 2 | |
| 583 | 1 | |a Archivierung prüfen |c 20200919 |f DE-640 |z 2 |2 pdager | |
| 830 | 0 | |a Teaching of ethics |v 2 |9 2 |w (DE-627)599678585 |w (DE-576)013392522 |w (DE-600)2494379-4 |7 am | |
| 889 | |w (DE-627)020461291 | ||
| 935 | |i mdedup | ||
| 951 | |a BO | ||
| ELC | |b 1 | ||
| LOK | |0 000 xxxxxcx a22 zn 4500 | ||
| LOK | |0 001 2143790929 | ||
| LOK | |0 003 DE-627 | ||
| LOK | |0 004 1090249624 | ||
| LOK | |0 005 20020606000000 | ||
| LOK | |0 008 900423||||||||||||||||ger||||||| | ||
| LOK | |0 040 |a DE-21 |c DE-627 |d DE-21 | ||
| LOK | |0 852 |a DE-21 | ||
| LOK | |0 852 1 |c KB 4 E 68 |9 00 | ||
| LOK | |0 935 |a krim | ||
| LOK | |0 936ln |a k2.1 | ||
| LOK | |0 939 |a 23-04-90 |b l01 | ||
| ORI | |a SA-MARC-krimdoka001.raw | ||
| SIG | |a UB: KB 4 E 68 | ||
